000 004420000a22001570004500
003 LK-CoMWRAF
005 20231102163029.0
008 230817t ||||| |||| 00| 0 eng d
040 _aLK-CoMWRAF
_dLK-CoMWRAF
_eLK-CoMWRAF
041 _aeng
082 _a001
_bSTA
245 _aStatistical abstract of the demotic socialist republic of Sri Lanka
260 _aColombo :
_bDCSMFP,
650 _aStatistical abstracts-- Sri Lanka
942 _cBK
999 _c2998
_d2998